| 000 | 00578nam a2200181Ia 4500 | ||
|---|---|---|---|
| 008 | 151018s9999 xx 000 0 und d | ||
| 082 |
_bRBASDV8200 _a891.462 |
||
| 100 | _aसुरेश खरे | ||
| 245 | _aअसुनी नाथ मी अनाथ | ||
| 250 | _b1 | ||
| 260 |
_bजोशी ब्रदर्स _c1972 |
||
| 300 | _a83 | ||
| 600 | _aसुरेश खरे | ||
| 630 | _aअसुनी नाथ मी अनाथ | ||
| 700 | _aसुरेश खरे | ||
| 730 | _aअसुनी नाथ मी अनाथ | ||
| 942 | _cBOOK | ||
| 999 |
_c1010565 _d1010562 |
||